• 首页
  • 本馆介绍
  • 公告通知
  • 最新文献
  • 馆藏检索
  • 电子资源
  • 读者导购
  • 参考咨询
  • 我的图书馆
  • 登录
  • 详细信息显示
  • 放入我的书架
  • 预约/预借图书
  • 作者相关作品
  • 分类相关作品
  • 丛书相关作品
  • 出版社相关作品

书目信息

  • 表格格式
  • 工作单格式
  • 卡片格式
题名:
牦牛乳加工技术进展
    
 
作者: 任发政 主编
分册:  
出版信息: 北京   中国农业科学技术出版社  2016.8
页数: 191页
开本: 24cm
丛书名:
单 册:
中图分类: TS252
科图分类:
主题词: 牦牛--乳制品--食品加工--研究
电子资源:
ISBN: 978-7-5116-2723-0
000 00810nam0 2200229 450
001 0400004663
005 20171024150035.0
010    @a978-7-5116-2723-0@dCNY68.00
100    @a20170328d2016 em y0chiy50 ea
101 0  @achi
102    @aCN@b110000
105    @aa z 000yy
106    @ar
200 1  @a牦牛乳加工技术进展@9mao niu ru jia gong ji shu jin zhan@f任发政主编
210    @a北京@c中国农业科学技术出版社@d2016.8
215    @a191页@c图@d24cm
330    @a本书共分七章,分别为:牦牛的泌乳特性、牦牛乳的理化性质、牦牛乳干酪、牦牛乳曲拉、牦牛乳曲拉酪蛋白的生产及品质改善、牦牛乳蛋白降压肽、牦牛乳婴幼儿配方乳粉。
606 0  @a牦牛@x乳制品@x食品加工@x研究
690    @aTS252@v5
701  0 @a任发政@9ren fa zheng@f(1962-)@4主编
801  0 @aCN@b91MARC@c20171024
905    @b1038720-4@dTS252@f5@e254
    
    牦牛乳加工技术进展/任发政主编.-北京:中国农业科学技术出版社,2016.8
    191页:图;24cm
    
    
    ISBN 978-7-5116-2723-0:CNY68.00
    本书共分七章,分别为:牦牛的泌乳特性、牦牛乳的理化性质、牦牛乳干酪、牦牛乳曲拉、牦牛乳曲拉酪蛋白的生产及品质改善、牦牛乳蛋白降压肽、牦牛乳婴幼儿配方乳粉。
●
相关链接 在E读中查询图书 在五车中查询图书 在当当中查询图书 在豆瓣中查询图书


正题名:牦牛乳加工技术进展     索取号:TS252/254         预约/预借

序号 登录号 条形码 馆藏地/架位号 状态 备注
1 1038720   210387204   第二样本阅览室/ [索取号:TS252/254] 在馆    
2 1038721   210387213   密集书库-生命科学系/ [索取号:TS252/254] 在馆    
3 1038722   210387222   第三借阅区/ [索取号:TS252/254] 在馆    
4 1038723   210387231   第三借阅区/ [索取号:TS252/254] 在馆    
5 1038724   210387240   第三借阅区/ [索取号:TS252/254] 在馆    
唐山师范学院图书馆 欢迎您!
大连网信软件有限公司© 版权所有